000 00612nam a2200193Ia 4500
008 240729s9999 xx 000 0 und d
022 _a2048-4046
245 0 _aJournal of Low Frequency Noise, Vibration and Active Control
260 _aUnited States
260 _bSAGE Publishing
650 _a Acoustics. Sound
650 _a Control engineering systems. Automatic machinery (General) | Science
650 _a Mechanical engineering and machinery
650 _a Physics
650 _aTechnology
856 _uhttps://doaj.org/toc/d61cf882903e4324b1b277d45a05fa99
942 _2ddc
942 _cDOAJEJ
999 _c67826
_d67826
945 _a1
_bMadushi Gamage
_c1
_dMadushi Gamage